000 00512nam a2200181Ia 4500
003 GCL
008 140319s9999 xx 000 0 ara d
040 _aGCL /
_cGCL
082 0 4 _a796.33
_bم ا
100 1 _aمفتى ابراهيم
245 1 0 _aاساسيات كرة القدم /
_cمفتى ابراهيم
700 1 _aمحمد عبده صالح الوحش
490 _a
650 0 4 _aكرة القدم
650 0 4 _aالعاب الكرة
650 0 4 _aالتدريب الرياضى
942 _2ddc
_cBK
999 _c39214
_d39214